000
00340 a2200157 4500
001
178519
020
_a
040
_c
Magnum
100
_a
Rosa, Santa Schilaro Nereide
240
1
0
_a
Usos e costumes
_l
por
245
1
0
_a
Usos e costumes
362
0
_a
1899
440
1
_a
Moderna
697
_a
MAGNITO: IJ/LENDAS, FOLCLORE
942
_c
BK
999
_c
178519
_d
178519